00469nam a22001457a 4500040000800000082002600008245003300034250002600067260009000093300003800183650001800221710006000239942000700299999001700306 cDLC a975 MAR 1989 A103 Or.00a1989 Germantown master plan. aInterim reference ed. aSilver Spring, Md. :bMaryland-National Capital Park and Planning Commission,c[1989] a2 v. :bill. ;c28 cm. +e2 maps. 0aCity planning2 aMaryland-National Capital Park and Planning Commission. cEK c14558d14558